000 00265nam a22001217a 4500
008 181015b xxu||||| |||| 00| 0 eng d
041 _aeng
080 _a940
100 _a16
101 _aSHH
245 _aThe Community in America
_cWarren,R.L
942 _2udc
_cBK
999 _c49717
_d49717